| 000 | 00514nam a2200169Ia 4500 | ||
|---|---|---|---|
| 999 |
_c10738 _d10738 |
||
| 008 | 200103s9999||||xx |||||||||||||| ||und|| | ||
| 020 | _a9788186270011 | ||
| 082 |
_a621.56021 _bBAN |
||
| 100 | _aBanwait, S. S. | ||
| 245 | 0 | _aProperties of Refrigerant and Psychrometric: Tables and Charts in S. I. Units | |
| 250 | _a24th Ed. | ||
| 260 |
_bBirla Publications _c2018 _aDelhi |
||
| 300 | _a64p. | ||
| 650 | _aRefrigerants--Thermal properties | ||
| 650 | _aRefrigeration and refrigerating machinery | ||
| 942 | _cBK | ||